000 01316cam a22004097a 4500
003 CHAP
005 20220817044004.0
008 050201s2003 it a rn 00010 spa d
010 _a89497
011 _a90469
020 _a9253050330
035 _a101025
040 _cCHAP
082 0 4 _a333.717026
_bF27 v.81
110 2 _aFAO
245 1 0 _aAdministración de derechos de agua :
_bexperiencias, asuntos relevantes y lineamientos
_c/por Héctor Garduño
260 _aRoma :
_bFAO,
_c2003
300 _a312 h. :
_bilus.
410 2 1 _aFAO
490 0 _aFAO. Estudio legislativo
_v; 81
590 _aBATCH-UPD
_b10
_c20130110
_lUCH01
_h0409
590 _aBATCH-UPD
_b10
_c20130110
_lUCH01
_h1946
590 _aBATCH-UPD
_b10
_c20130410
_lUCH01
_h0044
590 _aBATCH-UPD
_b10
_c20130914
_lUCH01
_h1346
590 _aCONVERSION
_b10
_c20130109
_lUCH01
_h1350
650 1 4 _aAgua subterranea.
_92456
650 1 4 _aAgua
_xAprovechamiento.
_92282
650 1 4 _aAgua
_xLeyes.
_92378
650 1 4 _aAguas residuales.
_92583
650 1 4 _aRecursos hidraúlicos
_xConservación.
_995088
700 0 _aGarduño, Héctor.
_946875
810 0 _aFAO
830 0 0 _aFAO. Estudio legislativo
_v; 81
_939542
901 _aBK
942 _cLIBRO
949 _a333.717026 F27 v.81
_bBC
_cFAO
_d33724002222868
_eFAO1
_h104786
_i101025
_sb
999 _c89497
_d89497